000 00669nam a2200253Ia 4500
003 OSt
005 20221005075701.0
006 a|||||r|||| 00| 0
007 ta
008 221004b |||||||| |||| 00| 0 urd d
020 _c21
024 _a31599
037 _cTextual
040 _aCRL
_cCRL
_burd
041 _2urd
_aurd
082 _aO168,3N26,RK, M7
100 _aRifat Sarosh Au.
_9609858
245 0 _aRet ki diwaren
260 _aNew Delhi
_bNavelistan Jamia nagar India
_c1987
300 _a108p.
_ccm.
650 _aURDU FICTION
_93298
942 _hO168,3N26,RK, M7
_cTEXL
_2cc
999 _c984997
_d984997